000 00292nam a2200133Ia 4500
008 230312s9999||||xx |||||||||||||| ||und||
082 _a336.2
_bICA
245 0 _aICAEW Advanced Taxation
260 _bBPP Study System
300 _a211
546 _aEng.
650 _aEconomics
942 _cBK
999 _c5942
_d5942